| 000 | 00433nam a22001337a 4500 | ||
|---|---|---|---|
| 999 |
_c513330 _d513330 |
||
| 020 | _a9789350026076 | ||
| 082 | _aV43x54 R765 | ||
| 100 |
_aRoutray, Sailen _916009 |
||
| 245 |
_aThinking about water in uncertain times: _bstate, people and conflicts _cby Sailen Routray and N. Shantha Mohan |
||
| 260 |
_aDelhi _bAakar Books _c2020 |
||
| 300 | _a123p. | ||
| 650 |
_aWater resource management _916216 |
||
| 700 |
_aMohan, N. Shantha _916010 |
||